000 01001nam a22002655a 4500
001 sjds2051045
003 sjds
005 20180727213600.0
008 180613s2012 |||| j|| ||||||||||||
020 _a9781933693668 (pbk.)
020 _a1933693665 (pbk.)
035 _a in500752640
040 _csjds
041 _aspa
_aeng
100 1 _aSaenz, Benjamin Alire
245 1 3 _aLa Perrita Que Le Encantaban Las Tortillas =
_bThe Dog Who Loved Tortillas /
_cBenjamin Alire Saenz ; illustrations by Geronimo Garcia.
246 _aDog Who Loved Tortillas
246 _aLa Perrita Que Le Encantaban Las Tortillas
260 _aEl Paso, Tex. :
_bCinco Puntos Press,
_c[2012], c2009
300 _a36 pages :
_bcolor illustrations ;
_c21 x 26 cm
520 _aWhen Gabriela and her brother Little Diego get a puppy named Sofie, they fight over who she belongs to, but when Sofie gets very sick they find the answer.
650 _aDogs
_vFiction
700 _aGarcia, Geronimo
942 _cBK
999 _c21100
_d21100